000 00436nam a2200169Ia 4500
001 7712
003 GE_BSU
008 181216s||||||||xx |||||||||||||| ||und||
040 _cGE_BSU
245 _aКомпьютер -пресс №8 Август, 2013
245 _cГл.ред. А.В.Синев
260 _aМосква
260 _c2013
300 _a80გვ. 30სმ.
653 _aКомпьютер -пресс
942 _cCR
999 _c41063
_d41063